Человеческое общение в интерпретациях современной западной философии: критический анализ

Dades bibliogràfiques
Autor principal: Ситниченко Л. А. Людмила Анатольевна
Sumari:Исключено из фонда НТБ ТПУ
Idioma:rus
Publicat: Киев, Наукова думка, 1990
Format: MixedMaterials Llibre
KOHA link:https://koha.lib.tpu.ru/cgi-bin/koha/opac-detail.pl?biblionumber=19525

MARC

LEADER 00000nam0a2200000 4500
001 19525
005 20231030191734.0
010 |a 5120012175 
035 |a (RuTPU)RU\TPU\book\19690 
035 |a BOOK00000025 
090 |a 19525 
100 |a 20011209d1990 km y0rusy50 ca 
101 0 |a rus 
102 |a UA 
105 |a y z 000zd 
200 1 |a Человеческое общение в интерпретациях современной западной философии  |e критический анализ  |f Л. А. Ситниченко 
210 |a Киев  |c Наукова думка  |d 1990 
215 |a 112 с. 
333 |a Исключено из фонда НТБ ТПУ 
700 1 |a Ситниченко  |b Л. А.  |g Людмила Анатольевна 
801 0 |a RU  |b 63413507  |c 20011209  |g PSBO 
801 2 |a RU  |b 63413507  |c 20170131  |g PSBO 
942 |c BK